[Event "43. Open Ciutat de Badalona 2017"]
[Site "Badalona ESP"]
[Date "2017.08.06"]
[Round "5.8"]
[White "Gonzalez Garcia, Jose"]
[Black "Jareno Badenas, Aleix"]
[Result "1/2-1/2"]
[WhiteElo "2513"]
[BlackElo "2113"]
[PlyCount "55"]
[EventDate "2017.08.02"]
[EventType "swiss"]
[EventRounds "9"]
[EventCountry "ESP"]
[SourceTitle "Ajedrez en Madrid"]
[Source "lmi"]
[SourceDate "2017.08.02"]
[SourceVersion "1"]
[SourceVersionDate "2018.07.18"]
[SourceQuality "1"]

1. d4 d5 2. c4 c6 3. Nf3 Nf6 4. cxd5 cxd5 5. Nc3 Nc6 6. Bf4 Bf5 7. e3 e6 8. Qb3
Bb4 9. Bb5 O-O 10. Bxc6 Bxc3+ 11. Qxc3 Rc8 12. Ne5 Ng4 13. Nxg4 Bxg4 14. Qb4
Rxc6 15. Qxb7 Qc8 16. Qxc8 Rfxc8 17. O-O Be2 18. Rfe1 Rc2 19. b3 Rb2 20. Rec1
Rxc1+ 21. Rxc1 h6 22. h4 Rxa2 23. Rc8+ Kh7 24. Rc7 Kg8 25. Rc8+ Kh7 26. Rc7 Kg6
27. f3 h5 28. Rc8 1/2-1/2

[Event "43. Open Ciutat de Badalona 2017"]
[Site "Badalona ESP"]
[Date "2017.08.06"]
[Round "5.9"]
[White "Fernandez, Fernando"]
[Black "Deshmukh, Anup M."]
[Result "1-0"]
[WhiteElo "2455"]
[BlackElo "2260"]
[PlyCount "83"]
[EventDate "2017.08.02"]
[EventType "swiss"]
[EventRounds "9"]
[EventCountry "ESP"]
[SourceTitle "Ajedrez en Madrid"]
[Source "lmi"]
[SourceDate "2017.08.02"]
[SourceVersion "1"]
[SourceVersionDate "2018.07.18"]
[SourceQuality "1"]

1. Nf3 d5 2. c4 c6 3. e3 Nf6 4. Nc3 e6 5. b3 Nbd7 6. Bb2 Be7 7. d4 O-O 8. Bd3
a6 9. O-O b5 10. c5 b4 11. Ne2 Ne4 12. a3 bxa3 13. Rxa3 f5 14. Qa1 g5 15. b4
Rb8 16. Bc3 Rf6 17. Bxa6 Rh6 18. Bxc8 Rxc8 19. Ne5 Nxe5 20. dxe5 g4 21. Ra7 Bf8
22. f3 Nxc5 23. fxg4 Ne4 24. gxf5 Qg5 25. Rf3 exf5 26. Qf1 Qh4 27. Rh3 Qg4 28.
Rf3 Qh4 29. h3 Rg6 30. Be1 Qh6 31. Nd4 Ng5 32. Nxf5 Qh5 33. Rg3 Re8 34. Qf4 Ne6
35. Nh6+ Kh8 36. Qf7 Qxh6 37. Qxe8 Rxg3 38. Bxg3 Qxe3+ 39. Bf2 Qxe5 40. Rf7
Qa1+ 41. Kh2 Qe5+ 42. Bg3 1-0

[Event "43. Open Ciutat de Badalona 2017"]
[Site "Badalona ESP"]
[Date "2017.08.06"]
[Round "5.10"]
[White "Gukesh, D."]
[Black "Narciso Dublan, Marc"]
[Result "1/2-1/2"]
[WhiteElo "2365"]
[BlackElo "2467"]
[PlyCount "124"]
[EventDate "2017.08.02"]
[EventType "swiss"]
[EventRounds "9"]
[EventCountry "ESP"]
[SourceTitle "Ajedrez en Madrid"]
[Source "lmi"]
[SourceDate "2017.08.02"]
[SourceVersion "1"]
[SourceVersionDate "2018.07.18"]
[SourceQuality "1"]

1. Nf3 d5 2. g3 c5 3. Bg2 Nc6 4. d4 Nf6 5. O-O e6 6. c4 Be7 7. Nc3 O-O 8. cxd5
exd5 9. dxc5 Bxc5 10. a3 Be6 11. b4 Be7 12. Bb2 Qd7 13. Na4 b6 14. Ne5 Nxe5 15.
Bxe5 Rac8 16. Nb2 Bh3 17. Nd3 Bxg2 18. Kxg2 Ne4 19. e3 Qf5 20. Ra2 d4 21. Qf3
Qxf3+ 22. Kxf3 Ng5+ 23. Kg2 dxe3 24. fxe3 Rfd8 25. Nf4 Ne4 26. Bd4 Bf6 27. Ne2
Bxd4 28. exd4 Rc4 29. Rf3 Kf8 30. Re3 Nf6 31. Rd2 Nd5 32. Rf3 Rdc8 33. Rfd3 Ke7
34. Kf3 Kd6 35. Kf2 Rc2 36. Kf3 f5 37. h4 g6 38. Rxc2 Rxc2 39. Nf4 Nf6 40. Ne2
Kd5 41. Re3 Ne4 42. g4 Nd2+ 43. Kf4 Nc4 44. Re8 fxg4 45. Kxg4 Nxa3 46. Nf4+
Kxd4 47. Re7 Nb5 48. Rxh7 a5 49. bxa5 bxa5 50. Nxg6 a4 51. Rd7+ Kc3 52. h5 a3
53. h6 Rg2+ 54. Kh5 Rh2+ 55. Nh4 Re2 56. h7 Re8 57. Ng6 a2 58. Rd1 Nd4 59. Ra1
Kb2 60. Rxa2+ Kxa2 61. h8=Q Rxh8+ 62. Nxh8 Kb3 1/2-1/2

[Event "43. Open Ciutat de Badalona 2017"]
[Site "Badalona ESP"]
[Date "2017.08.07"]
[Round "6.1"]
[White "Riu Lopez, Daniel"]
[Black "Salinas Herrera, Pablo"]
[Result "0-1"]
[WhiteElo "2046"]
[BlackElo "2411"]
[PlyCount "70"]
[EventDate "2017.08.02"]
[EventType "swiss"]
[EventRounds "9"]
[EventCountry "ESP"]
[SourceTitle "Ajedrez en Madrid"]
[Source "lmi"]
[SourceDate "2017.08.02"]
[SourceVersion "1"]
[SourceVersionDate "2018.07.18"]
[SourceQuality "1"]

1. d4 d5 2. c4 c6 3. Nf3 Nf6 4. Nc3 e6 5. e3 Nbd7 6. Qc2 b6 7. Bd3 Bb7 8. O-O
Be7 9. Rd1 Qc7 10. b3 h6 11. e4 dxe4 12. Nxe4 c5 13. Bb2 O-O 14. dxc5 bxc5 15.
Qe2 Rad8 16. Bc3 Nh5 17. Bc2 Nf4 18. Qe1 f5 19. Ned2 Bf6 20. Bxf6 Nxf6 21. Kf1
Qc6 22. Qe3 Rd4 23. h3 Rfd8 24. b4 Nxg2 25. Qe5 Nh4 26. Nxd4 Rxd4 27. Ke2 Nh5
28. Ne4 Ng6 29. b5 Qc8 30. Qh2 fxe4 31. Rxd4 cxd4 32. Bb3 Nhf4+ 33. Kd2 Qc7 34.
Qg3 Qa5+ 35. Kc2 e3 0-1

[Event "43. Open Ciutat de Badalona 2017"]
[Site "Badalona ESP"]
[Date "2017.08.07"]
[Round "6.3"]
[White "Martinez Perez, Sergio"]
[Black "Peralta, Fernando"]
[Result "1-0"]
[WhiteElo "1869"]
[BlackElo "2540"]
[PlyCount "119"]
[EventDate "2017.08.02"]
[EventType "swiss"]
[EventRounds "9"]
[EventCountry "ESP"]
[SourceTitle "Ajedrez en Madrid"]
[Source "lmi"]
[SourceDate "2017.08.02"]
[SourceVersion "1"]
[SourceVersionDate "2018.07.18"]
[SourceQuality "1"]

1. d4 Nf6 2. c4 e6 3. Nf3 d5 4. g3 Bb4+ 5. Bd2 Bd6 6. Bg2 c6 7. O-O Nbd7 8. Qc1
O-O 9. cxd5 exd5 10. Bf4 Nb6 11. Nc3 Re8 12. Bxd6 Qxd6 13. Qc2 g6 14. Ne5 Ng4
15. Nxg4 Bxg4 16. Rfe1 Bf5 17. Qb3 Re7 18. a4 Rae8 19. Qa3 Qxa3 20. Rxa3 Nc4
21. Ra2 a5 22. b3 Nd6 23. Rb2 g5 24. Bxd5 cxd5 25. Nxd5 g4 26. Nxe7+ Rxe7 27.
Rc1 Re4 28. Rd2 Be6 29. Rc3 Bd5 30. h3 h5 31. f3 gxf3 32. exf3 Re1+ 33. Kf2 Rb1
34. Rdd3 Kg7 35. Ke3 Kg6 36. Kf4 f6 37. Rc5 Bxb3 38. Rxa5 Bc4 39. Rc3 Rd1 40.
g4 h4 41. Rc5 Ba6 42. Rd5 Nf7 43. Rc8 Ng5 44. Rg8+ Kf7 45. Rgxg5 fxg5+ 46. Kxg5
Rd3 47. Rf5+ Kg7 48. Kxh4 Rxd4 49. a5 Rd3 50. Kg5 Bc4 51. h4 Be6 52. Re5 Kf7
53. f4 Rg3 54. f5 Bc4 55. h5 Rg2 56. h6 Be2 57. Re4 Bd1 58. Rc4 Bf3 59. Rc7+
Kg8 60. h7+ 1-0

[Event "43. Open Ciutat de Badalona 2017"]
[Site "Badalona ESP"]
[Date "2017.08.07"]
[Round "6.4"]
[White "Krysa, Leandro"]
[Black "Morales, Jhon Alexander"]
[Result "1-0"]
[WhiteElo "2537"]
[BlackElo "2343"]
[PlyCount "113"]
[EventDate "2017.08.02"]
[EventType "swiss"]
[EventRounds "9"]
[EventCountry "ESP"]
[SourceTitle "Ajedrez en Madrid"]
[Source "lmi"]
[SourceDate "2017.08.02"]
[SourceVersion "1"]
[SourceVersionDate "2018.07.18"]
[SourceQuality "1"]

1. d4 Nf6 2. c4 g6 3. Nf3 Bg7 4. g3 O-O 5. Bg2 c6 6. O-O d6 7. Nc3 Nbd7 8. b3
e5 9. dxe5 Nxe5 10. Nd4 Re8 11. Bb2 h5 12. Qd2 h4 13. Rad1 hxg3 14. hxg3 Bd7
15. Nf3 Neg4 16. Qg5 d5 17. cxd5 Nxd5 18. Qd2 Bxc3 19. Bxc3 Nxc3 20. Qxc3 Qe7
21. Rd2 Nf6 22. Ng5 Red8 23. Rfd1 Be8 24. Qa5 b6 25. Qc3 Nd5 26. Bxd5 cxd5 27.
Nf3 Rac8 28. Qe5 Qxe5 29. Nxe5 f6 30. Nf3 Bc6 31. Nd4 Bb7 32. Rc2 Rc5 33. Rdc1
Rdc8 34. Kf1 Kf7 35. Ke1 a5 36. Kd2 Ba6 37. e3 Rxc2+ 38. Rxc2 Rc5 39. Nc6 Rxc2+
40. Kxc2 Ke6 41. Kc3 Kd6 42. Nd4 Ke5 43. Nf3+ Kf5 44. Nh4+ Kg4 45. Nxg6 Kf3 46.
Kd4 Kxf2 47. Ne7 Bb7 48. g4 Kf3 49. Ng8 Kxg4 50. Nxf6+ Kf3 51. Nxd5 b5 52. e4
b4 53. e5 Bc8 54. Nb6 Be6 55. Nc4 Ke2 56. Nxa5 Kd2 57. Nc6 1-0

[Event "43. Open Ciutat de Badalona 2017"]
[Site "Badalona ESP"]
[Date "2017.08.07"]
[Round "6.5"]
[White "Oliva Castaneda, Kevel"]
[Black "Fernandez, Fernando"]
[Result "1/2-1/2"]
[WhiteElo "2497"]
[BlackElo "2455"]
[PlyCount "61"]
[EventDate "2017.08.02"]
[EventType "swiss"]
[EventRounds "9"]
[EventCountry "ESP"]
[SourceTitle "Ajedrez en Madrid"]
[Source "lmi"]
[SourceDate "2017.08.02"]
[SourceVersion "1"]
[SourceVersionDate "2018.07.18"]
[SourceQuality "1"]

1. e4 c5 2. Nf3 d6 3. Bb5+ Nd7 4. d4 cxd4 5. Qxd4 a6 6. Bxd7+ Bxd7 7. O-O e5 8.
Qd3 h6 9. c4 b5 10. Nfd2 Nf6 11. Nc3 Qb8 12. a4 bxa4 13. Nxa4 Be7 14. b3 O-O
15. Nc3 Bd8 16. Ba3 Bc7 17. Rab1 Rd8 18. Rfe1 Qa7 19. Nf1 Ba5 20. b4 Bb6 21.
Re2 Bg4 22. Rc2 Rac8 23. Bc1 Be6 24. Nd5 Bxd5 25. exd5 Ng4 26. Ne3 Nxe3 27.
Bxe3 Bxe3 28. Qxe3 Qb7 29. Qa3 Rc7 30. h3 Rdc8 31. b5 1/2-1/2

[Event "43. Open Ciutat de Badalona 2017"]
[Site "Badalona ESP"]
[Date "2017.08.07"]
[Round "6.6"]
[White "Iniyan, P."]
[Black "Karthik, Venkataraman"]
[Result "1-0"]
[WhiteElo "2404"]
[BlackElo "2316"]
[PlyCount "121"]
[EventDate "2017.08.02"]
[EventType "swiss"]
[EventRounds "9"]
[EventCountry "ESP"]
[SourceTitle "Ajedrez en Madrid"]
[Source "lmi"]
[SourceDate "2017.08.02"]
[SourceVersion "1"]
[SourceVersionDate "2018.07.18"]
[SourceQuality "1"]

1. d4 d5 2. c4 c6 3. Nf3 Nf6 4. g3 g6 5. Bg2 Bg7 6. O-O O-O 7. Nc3 dxc4 8. e3
Nbd7 9. Qe2 Nb6 10. e4 Bg4 11. Rd1 Qc8 12. a4 Re8 13. a5 Nbd7 14. e5 Nd5 15. h3
Bf5 16. Qxc4 Nf8 17. Nxd5 cxd5 18. Qxd5 Rd8 19. Qa2 Be6 20. d5 Bxh3 21. Bg5 f6
22. Rac1 Qd7 23. Bxh3 Qxh3 24. Bf4 g5 25. Be3 Qh5 26. d6+ e6 27. exf6 Bxf6 28.
Kg2 g4 29. Nh2 Qg6 30. Qb1 Qxb1 31. Rxb1 h5 32. f3 gxf3+ 33. Nxf3 Rac8 34. Bxa7
Rc6 35. b4 Rcxd6 36. Rxd6 Rxd6 37. b5 e5 38. Rb4 Nd7 39. Bf2 Bd8 40. Ra4 e4 41.
Nd4 Nc5 42. Ra2 Rf6 43. Be3 Be7 44. Ne2 Rf3 45. Bd4 Kf7 46. Nc3 Rd3 47. Bxc5
Rxc3 48. Bxe7 Kxe7 49. a6 bxa6 50. bxa6 Rc8 51. a7 Ra8 52. Kf2 Kd6 53. Ke3 Kc6
54. Kxe4 Kb7 55. Kf5 Rf8+ 56. Kg5 Ka8 57. Kxh5 Rh8+ 58. Kg4 Rg8+ 59. Kh3 Rh8+
60. Kg2 Rg8 61. Ra4 1-0

[Event "43. Open Ciutat de Badalona 2017"]
[Site "Badalona ESP"]
[Date "2017.08.07"]
[Round "6.7"]
[White "Albo Ruiz, Jose Martin"]
[Black "Cimer, Emanuel"]
[Result "1-0"]
[WhiteElo "1884"]
[BlackElo "2184"]
[PlyCount "61"]
[EventDate "2017.08.02"]
[EventType "swiss"]
[EventRounds "9"]
[EventCountry "ESP"]
[SourceTitle "Ajedrez en Madrid"]
[Source "lmi"]
[SourceDate "2017.08.02"]
[SourceVersion "1"]
[SourceVersionDate "2018.07.18"]
[SourceQuality "1"]

1. e4 c5 2. Nf3 d6 3. c3 Nf6 4. h3 g6 5. Bd3 Bg7 6. Bc2 O-O 7. O-O Nc6 8. d4
cxd4 9. cxd4 e5 10. d5 Ne7 11. Nc3 Nh5 12. Ne1 Nf4 13. Bxf4 exf4 14. Nf3 h6 15.
Re1 Re8 16. Ba4 Bd7 17. Bxd7 Qxd7 18. Qb3 g5 19. e5 dxe5 20. Nxe5 Bxe5 21. Rxe5
Ng6 22. Ne4 Kg7 23. Rxe8 Rxe8 24. Nc5 Qe7 25. Nxb7 Nh4 26. Qc3+ Kg8 27. Nc5 g4
28. hxg4 Qg5 29. Nd7 Rd8 30. Nf6+ Kh8 31. d6 1-0

[Event "43. Open Ciutat de Badalona 2017"]
[Site "Badalona ESP"]
[Date "2017.08.07"]
[Round "6.8"]
[White "Minguell Soler, Joan"]
[Black "Colome Rovira, Oscar"]
[Result "1-0"]
[WhiteElo "1987"]
[BlackElo "1806"]
[PlyCount "81"]
[EventDate "2017.08.02"]
[EventType "swiss"]
[EventRounds "9"]
[EventCountry "ESP"]
[SourceTitle "Ajedrez en Madrid"]
[Source "lmi"]
[SourceDate "2017.08.02"]
[SourceVersion "1"]
[SourceVersionDate "2018.07.18"]
[SourceQuality "1"]

1. e4 d6 2. Nc3 Nf6 3. d4 g6 4. g3 Bg7 5. Bg2 O-O 6. Nge2 e5 7. O-O Nc6 8. d5
Ne7 9. a4 c6 10. Bg5 cxd5 11. Bxf6 Bxf6 12. Nxd5 Nxd5 13. Qxd5 Qc7 14. Qd2 Be6
15. Nc3 Rac8 16. Rfd1 Be7 17. a5 Qc5 18. a6 b5 19. Ra5 Bc4 20. b4 Qc6 21. Bh3
f5 22. exf5 gxf5 23. Bf1 Bxf1 24. Nd5 Bd8 25. Rxf1 Qxc2 26. Qxc2 Rxc2 27. Rxb5
Ra2 28. Rb7 Rxa6 29. Rc1 f4 30. gxf4 exf4 31. Kg2 Ra2 32. Kf3 Ra3+ 33. Ke4 Ra2
34. Rg1+ Kh8 35. Rgg7 Re8+ 36. Kf3 Ra3+ 37. Kg2 f3+ 38. Kg3 Re5 39. Rxh7+ Kg8
40. Rhg7+ Kh8 41. Nf4 1-0

[Event "43. Open Ciutat de Badalona 2017"]
[Site "Badalona ESP"]
[Date "2017.08.07"]
[Round "6.9"]
[White "Fenil, Shah"]
[Black "Gonzalez Garcia, Jose"]
[Result "0-1"]
[WhiteElo "2326"]
[BlackElo "2513"]
[PlyCount "62"]
[EventDate "2017.08.02"]
[EventType "swiss"]
[EventRounds "9"]
[EventCountry "ESP"]
[SourceTitle "Ajedrez en Madrid"]
[Source "lmi"]
[SourceDate "2017.08.02"]
[SourceVersion "1"]
[SourceVersionDate "2018.07.18"]
[SourceQuality "1"]

1. e4 e5 2. Nf3 Nc6 3. Bc4 Bc5 4. c3 Nf6 5. d3 O-O 6. O-O a6 7. Nbd2 d6 8. Bb3
Ba7 9. Re1 Ng4 10. Re2 Kh8 11. h3 Nh6 12. Nf1 f5 13. exf5 Bxf5 14. Bd5 Qd7 15.
Ng5 Nd8 16. Be3 c6 17. Be4 Ne6 18. Nxe6 Bxe6 19. Re1 Bxe3 20. Rxe3 Rf4 21. Bf3
Raf8 22. Re4 Rxf3 23. gxf3 Bd5 24. Kg2 Nf5 25. Nh2 Bxe4 26. fxe4 Nh4+ 27. Kg3
Qe8 28. Qd2 Qg6+ 29. Kxh4 Rf4+ 30. Ng4 Qh6+ 31. Kg3 Rxg4+ 0-1

[Event "43. Open Ciutat de Badalona 2017"]
[Site "Badalona ESP"]
[Date "2017.08.07"]
[Round "6.10"]
[White "Jareno Badenas, Aleix"]
[Black "Rios, Cristhian Camilo"]
[Result "1/2-1/2"]
[WhiteElo "2113"]
[BlackElo "2475"]
[PlyCount "86"]
[EventDate "2017.08.02"]
[EventType "swiss"]
[EventRounds "9"]
[EventCountry "ESP"]
[SourceTitle "Ajedrez en Madrid"]
[Source "lmi"]
[SourceDate "2017.08.02"]
[SourceVersion "1"]
[SourceVersionDate "2018.07.18"]
[SourceQuality "1"]

1. e4 c5 2. c3 d5 3. exd5 Qxd5 4. d4 g6 5. Nf3 Bg7 6. Na3 cxd4 7. Nb5 Na6 8.
Nbxd4 Nf6 9. Qb3 O-O 10. Qxd5 Nxd5 11. Be2 e5 12. Nb3 Nac7 13. O-O a5 14. a4 b6
15. Re1 Be6 16. Bc4 f6 17. Nbd4 Bf7 18. Nb5 Nxb5 19. Bxb5 Rfd8 20. g3 Bf8 21.
h4 Kg7 22. Nh2 Bc5 23. Ng4 h5 24. Nh2 Ne7 25. Nf1 Nf5 26. Bc6 Ra7 27. Be4 Be6
28. Bc2 Rad7 29. b3 Rc8 30. Rd1 Rdc7 31. Bd2 Ne7 32. Rab1 Ng8 33. c4 Ne7 34.
Be3 Bg4 35. Re1 Rd7 36. Be4 Rcd8 37. Bxc5 bxc5 38. Ne3 Be6 39. Red1 Rxd1+ 40.
Rxd1 Rxd1+ 41. Nxd1 f5 42. Bb7 e4 43. f3 Bc8 1/2-1/2

[Event "43. Open Ciutat de Badalona 2017"]
[Site "Badalona ESP"]
[Date "2017.08.08"]
[Round "7.1"]
[White "Salinas Herrera, Pablo"]
[Black "Ahmed, Sk. Nasir"]
[Result "0-1"]
[WhiteElo "2411"]
[BlackElo "2311"]
[PlyCount "74"]
[EventDate "2017.08.02"]
[EventType "swiss"]
[EventRounds "9"]
[EventCountry "ESP"]
[SourceTitle "Ajedrez en Madrid"]
[Source "lmi"]
[SourceDate "2017.08.02"]
[SourceVersion "1"]
[SourceVersionDate "2018.07.18"]
[SourceQuality "1"]

1. d4 Nf6 2. c4 c6 3. Nf3 d5 4. Qc2 dxc4 5. e4 b5 6. b3 cxb3 7. axb3 g6 8. Bd2
a5 9. Bd3 Bb7 10. Nc3 Na6 11. e5 Nb4 12. Qb1 Nfd5 13. Ne4 Bg7 14. Nc5 Nxd3+ 15.
Qxd3 Bc8 16. Qe4 Bf5 17. Qh4 h6 18. g4 Bc8 19. h3 Nc7 20. Rxa5 Rxa5 21. Bxa5
Qd5 22. Bxc7 Qxf3 23. O-O h5 24. Qg3 Qxg3+ 25. fxg3 hxg4 26. Ra1 gxh3 27. Ra8
O-O 28. Rb8 Bh6 29. Kh2 Be3 30. e6 Bxe6 31. Rxf8+ Kxf8 32. Nxe6+ fxe6 33. Be5
Bg5 34. Kxh3 Bf6 35. Kg2 Bxe5 36. dxe5 c5 37. Kf2 Kg7 0-1

[Event "43. Open Ciutat de Badalona 2017"]
[Site "Badalona ESP"]
[Date "2017.08.08"]
[Round "7.2"]
[White "Grigoryan, Karen H."]
[Black "Iniyan, P."]
[Result "1/2-1/2"]
[WhiteElo "2570"]
[BlackElo "2404"]
[PlyCount "124"]
[EventDate "2017.08.02"]
[EventType "swiss"]
[EventRounds "9"]
[EventCountry "ESP"]
[SourceTitle "Ajedrez en Madrid"]
[Source "lmi"]
[SourceDate "2017.08.02"]
[SourceVersion "1"]
[SourceVersionDate "2018.07.18"]
[SourceQuality "1"]

1. d4 d5 2. c4 c6 3. Nc3 Nf6 4. e3 g6 5. Nf3 Bg7 6. h3 O-O 7. Be2 dxc4 8. Bxc4
b5 9. Bd3 Nbd7 10. e4 b4 11. Na4 Qc7 12. Qc2 e5 13. dxe5 Nxe5 14. Nxe5 Qxe5 15.
O-O Re8 16. Bd2 c5 17. Qxc5 Bd7 18. Qxe5 Rxe5 19. Bf4 Ra5 20. b3 Bxa4 21. bxa4
Nh5 22. Bc7 Rxa4 23. e5 Rc8 24. Bd6 Nf4 25. Bb5 Ra5 26. Rac1 Rd8 27. Bc4 Bxe5
28. Bxb4 Ra4 29. a3 a5 30. Bc5 Rd2 31. Rfe1 Bb2 32. Bb5 Ne2+ 33. Kf1 Re4 34.
Rb1 Re5 35. Ba7 Rxb5 36. Rxe2 Rxe2 37. Kxe2 Rb7 38. a4 Rxa7 39. Rxb2 Rc7 40.
Rb5 Rc2+ 41. Ke3 Rc3+ 42. Kd2 Ra3 43. Rxa5 h5 44. h4 Kg7 45. g3 Kf6 46. Ke2 Ke6
47. Kf1 Ra2 48. Kg2 Ra3 49. Ra8 Kf6 50. a5 Ke6 51. a6 Kf6 52. f3 Kg7 53. Kf2
Kh7 54. Ke2 Kg7 55. g4 g5 56. hxg5 hxg4 57. f4 Ra2+ 58. Kf1 Ra4 59. f5 Rf4+ 60.
Kg2 Rxf5 61. a7 Ra5 62. Kg3 Ra4 1/2-1/2

[Event "43. Open Ciutat de Badalona 2017"]
[Site "Badalona ESP"]
[Date "2017.08.08"]
[Round "7.3"]
[White "Krysa, Leandro"]
[Black "Martinez Perez, Sergio"]
[Result "1/2-1/2"]
[WhiteElo "2537"]
[BlackElo "1869"]
[PlyCount "80"]
[EventDate "2017.08.02"]
[EventType "swiss"]
[EventRounds "9"]
[EventCountry "ESP"]
[SourceTitle "Ajedrez en Madrid"]
[Source "lmi"]
[SourceDate "2017.08.02"]
[SourceVersion "1"]
[SourceVersionDate "2018.07.18"]
[SourceQuality "1"]

1. Nf3 d5 2. g3 c6 3. Bg2 Bg4 4. O-O e6 5. h3 Bf5 6. c4 dxc4 7. a4 Nf6 8. Na3
Bxa3 9. Rxa3 O-O 10. b3 cxb3 11. d3 Nbd7 12. Rxb3 Nc5 13. Rb1 Qa5 14. Ba3 Rfd8
15. Bb4 Qb6 16. Bxc5 Qxc5 17. Rxb7 e5 18. Qc1 Qd6 19. Ng5 Bd7 20. Qc4 Rf8 21.
Rfb1 h6 22. Ne4 Nxe4 23. Bxe4 Bc8 24. R7b2 Bxh3 25. Qxc6 Qxc6 26. Bxc6 Rac8 27.
Bd5 Bd7 28. Rb7 Bxa4 29. Rxa7 Bc6 30. Bc4 Rcd8 31. e4 Rd7 32. Rxd7 Bxd7 33. Rb7
Rd8 34. Kg2 Be6 35. Bxe6 fxe6 36. Rb3 Kf7 37. f4 Kf6 38. Kf3 exf4 39. gxf4 g5
40. fxg5+ Ke5 1/2-1/2

[Event "43. Open Ciutat de Badalona 2017"]
[Site "Badalona ESP"]
[Date "2017.08.08"]
[Round "7.4"]
[White "Fluvia Poyatos, Jordi"]
[Black "Albo Ruiz, Jose Martin"]
[Result "0-1"]
[WhiteElo "2438"]
[BlackElo "1884"]
[PlyCount "106"]
[EventDate "2017.08.02"]
[EventType "swiss"]
[EventRounds "9"]
[EventCountry "ESP"]
[SourceTitle "Ajedrez en Madrid"]
[Source "lmi"]
[SourceDate "2017.08.02"]
[SourceVersion "1"]
[SourceVersionDate "2018.07.18"]
[SourceQuality "1"]

1. e4 e5 2. Nf3 Nc6 3. d4 exd4 4. Nxd4 Bc5 5. Nxc6 Qf6 6. Qf3 Qxf3 7. gxf3 bxc6
8. Nd2 d5 9. Nb3 Bd6 10. Be3 Nf6 11. Rg1 O-O 12. Bd4 Nh5 13. O-O-O dxe4 14.
fxe4 Bf4+ 15. Kb1 g6 16. Na5 Re8 17. h4 Bh2 18. Rh1 Bg4 19. Rd3 Bd6 20. Nxc6
Bd7 21. Na5 Nf4 22. Re3 Ne6 23. Bf6 Bc5 24. Rd3 Bb5 25. Rd5 Bxf1 26. Rxf1 Bb6
27. Be5 Nc5 28. f3 Bxa5 29. Rxc5 Bb6 30. Bd4 Bxc5 31. Bxc5 a6 32. Bd4 Re6 33.
c3 f6 34. Kc2 Kf7 35. b4 h5 36. Kd3 Rg8 37. a4 g5 38. hxg5 fxg5 39. e5 Kg6 40.
Ke4 Rf8 41. Be3 Rf5 42. Bd4 Rf4+ 43. Ke3 Kf5 44. b5 h4 45. Rh1 c5 46. bxc6 Rxc6
47. Kf2 Rc8 48. e6 Kxe6 49. Re1+ Kf7 50. Be3 Rxa4 51. Bxg5 Ra2+ 52. Kg1 h3 53.
f4 Rxc3 0-1

[Event "43. Open Ciutat de Badalona 2017"]
[Site "Badalona ESP"]
[Date "2017.08.08"]
[Round "7.5"]
[White "Panelo, Marcelo"]
[Black "Minguell Soler, Joan"]
[Result "0-1"]
[WhiteElo "2386"]
[BlackElo "1987"]
[PlyCount "166"]
[EventDate "2017.08.02"]
[EventType "swiss"]
[EventRounds "9"]
[EventCountry "ESP"]
[SourceTitle "Ajedrez en Madrid"]
[Source "lmi"]
[SourceDate "2017.08.02"]
[SourceVersion "1"]
[SourceVersionDate "2018.07.18"]
[SourceQuality "1"]

1. d4 d5 2. c4 c6 3. Nf3 Nf6 4. Nc3 a6 5. e3 b5 6. b3 Bg4 7. Qc2 Bxf3 8. gxf3
e6 9. c5 Nbd7 10. f4 g6 11. Bb2 Nh5 12. a4 b4 13. Ne2 a5 14. Ng3 Ng7 15. Bd3
Be7 16. O-O-O Bh4 17. Kb1 Qc7 18. Qe2 O-O-O 19. Nf1 Kb7 20. Nd2 Be7 21. Nf3 f6
22. Rhg1 Ka7 23. Qf1 Rde8 24. Qh3 Bd8 25. Qf1 Nb8 26. Qe2 Rhf8 27. Rg3 Qf7 28.
Qc2 Bc7 29. Rg2 Qd7 30. Be2 Qc8 31. h4 Nd7 32. Ka2 Re7 33. Rh1 Qb7 34. Rc1 Rfe8
35. Rd1 Kb8 36. Rc1 Rf8 37. Rd1 Qc8 38. Rc1 Rfe8 39. Rd1 Qb7 40. Rc1 Qa7 41.
Rgg1 Rf8 42. Rg2 Kc8 43. Kb1 Kd8 44. Ka2 Qb8 45. Rd1 Ke8 46. Rdg1 Kd8 47. Rd1
Qa7 48. Rc1 Kc8 49. Kb1 Kb8 50. Ka2 Qb7 51. Rd1 Ka8 52. Rc1 Rfe8 53. Rh1 Ka7
54. Rc1 e5 55. dxe5 fxe5 56. fxe5 Bxe5 57. Nxe5 Nxe5 58. Rh1 Rf8 59. Ka1 Qc7
60. Qd1 Ne6 61. Qc2 Nd7 62. Bg4 Nf6 63. h5 Nxg4 64. Rxg4 g5 65. h6 Ref7 66. Rg2
Kb7 67. Rd1 Qe7 68. Rc1 Rf3 69. Rh2 Qf7 70. Rd1 Qf5 71. Qxf5 R8xf5 72. e4 Rf7
73. exd5 Nxc5 74. Rg2 R3f5 75. dxc6+ Kxc6 76. Ka2 Ne4 77. Rc1+ Kd7 78. Bd4 Rd5
79. Be3 Rf6 80. Rc4 Nc3+ 81. Ka1 Rxh6 82. Rxg5 Rh1+ 83. Kb2 Nd1+ 0-1

[Event "43. Open Ciutat de Badalona 2017"]
[Site "Badalona ESP"]
[Date "2017.08.08"]
[Round "7.6"]
[White "Gonzalez Garcia, Jose"]
[Black "Oliva Castaneda, Kevel"]
[Result "1-0"]
[WhiteElo "2513"]
[BlackElo "2497"]
[PlyCount "71"]
[EventDate "2017.08.02"]
[EventType "swiss"]
[EventRounds "9"]
[EventCountry "ESP"]
[SourceTitle "Ajedrez en Madrid"]
[Source "lmi"]
[SourceDate "2017.08.02"]
[SourceVersion "1"]
[SourceVersionDate "2018.07.18"]
[SourceQuality "1"]

1. Nf3 Nf6 2. d4 g6 3. c4 Bg7 4. Nc3 O-O 5. Bg5 h6 6. Bh4 d6 7. e3 Nbd7 8. Qc2
a6 9. Be2 c6 10. O-O b5 11. a3 Bb7 12. Rad1 Qb8 13. Nd2 Qa7 14. b4 c5 15. dxc5
dxc5 16. cxb5 cxb4 17. axb4 Rac8 18. bxa6 Bxg2 19. Kxg2 Nd5 20. Nb5 Qxe3 21.
fxe3 Nxe3+ 22. Kf2 Nxc2 23. Nc4 Nf6 24. Bxf6 Bxf6 25. a7 Bh4+ 26. Kg1 Bg5 27.
Kh1 Nxb4 28. Nb6 Rc2 29. Bc4 Bf6 30. Rc1 Rd2 31. Rfd1 Rf2 32. Nd7 Ra8 33. Rf1
Rxf1+ 34. Rxf1 Nc6 35. Nxf6+ exf6 36. Bd5 1-0

[Event "43. Open Ciutat de Badalona 2017"]
[Site "Badalona ESP"]
[Date "2017.08.08"]
[Round "7.8"]
[White "Fernandez, Fernando"]
[Black "Vergara Jofre, Felipe"]
[Result "1-0"]
[WhiteElo "2455"]
[BlackElo "2119"]
[PlyCount "59"]
[EventDate "2017.08.02"]
[EventType "swiss"]
[EventRounds "9"]
[EventCountry "ESP"]
[SourceTitle "Ajedrez en Madrid"]
[Source "lmi"]
[SourceDate "2017.08.02"]
[SourceVersion "1"]
[SourceVersionDate "2018.07.18"]
[SourceQuality "1"]

1. Nf3 d5 2. c4 d4 3. b4 Bg4 4. d3 Bxf3 5. exf3 e5 6. Bd2 Nd7 7. Be2 Ngf6 8.
O-O Be7 9. a4 O-O 10. a5 c5 11. bxc5 Nxc5 12. Na3 Nfd7 13. Re1 f5 14. Bf1 Bd6
15. g3 Qf6 16. Nb5 Bb8 17. Rb1 e4 18. dxe4 fxe4 19. Bb4 d3 20. Bg2 Be5 21. Qd2
exf3 22. Bh3 Rfd8 23. Nc3 Bxc3 24. Bxc3 Qf7 25. Rxb7 Qxc4 26. Re7 Rab8 27.
Rxg7+ Kf8 28. Qh6 Ke8 29. Bxd7+ Nxd7 30. Qe3+ 1-0